Đẩy mạnh thu hút nguồn vốn đầu tư trực tiếp nước ngoài FDI trong công tác phát triển du lịch tại TP Đà Nẵng /

Cơ so li luan ve đau tư trực tiep nươc ngoai FD1 va phat trien du lich

में बचाया:
ग्रंथसूची विवरण
मुख्य लेखक: Nguyễn Vũ Phương
अन्य लेखक: ThS.Đăng Vinh huong dan
स्वरूप: थीसिस
भाषा:Vietnamese
प्रकाशित: ĐHĐN-Trương ĐH ngoai ngũ 2014.
विषय:
टैग : टैग जोड़ें
कोई टैग नहीं, इस रिकॉर्ड को टैग करने वाले पहले व्यक्ति बनें!
Thư viện lưu trữ: Mạng thư viện Đại học Đà Nẵng
LEADER 01734na a2200373 4500
001 000032138
003 8129
005 20230407155015.0
008 151001s2014 000 vie
040 |a LNN 
041 |a vie 
082 |a 959.5975133  |b NG-P 
100 |a Nguyễn Vũ Phương 
245 0 |a Đẩy mạnh thu hút nguồn vốn đầu tư trực tiếp nước ngoài FDI trong công tác phát triển du lịch tại TP Đà Nẵng /  |c Nguyễn Vũ Phương. 
246 |a Luan văn tot nghep 
260 |b ĐHĐN-Trương ĐH ngoai ngũ  |b 2014. 
300 |a 30cm :  |b 108 tr;. 
502 |a Luan văn tot nghiep 
505 |a Chuyen Nghanh Quoc te hoc 
520 |a Cơ so li luan ve đau tư trực tiep nươc ngoai FD1 va phat trien du lich  |x Thư trạng nghanh Du lich Đa nang va thu hut nguon von dau tư trưc tiep nươc ngoai trong nghanh du lich Đa Năng.  |y Giai phap thu hut FD1 cho phat trien du lich tai tp Đa Năng. 
650 |a Đau tư ngon von phat trien Du lich  |b Nguon von dau tư trưc tiep nươc ngoai FD1  |c Du lich tai Đa Nang 
653 |a Nguyễn Vũ Phương, 2014, Khoa QTH, FDI, vốn, kinh tê, Đà Nẵng 
700 |a ThS.Đăng Vinh  |b huong dan 
852 |b Luan văn tot nghiep  |c SV Khoa Quoc te hoc 
OWN |a LNN 
AVA |a UDN50  |b LNN  |d 959.5975133 NG-P  |e available  |t Error 5001 Not defined in file expand_doc_bib_avail.  |f 2  |g 0  |h N  |i 0 
999 |a From the UDN01 
AVA |a UDN50  |b LNN  |d 959.5975133 NG-P  |e available  |t Error 5001 Not defined in file expand_doc_bib_avail.  |f 2  |g 0  |h N  |i 0 
TYP |a Dissertation 
TYP |a Printed language 
980 |a Mạng thư viện Đại học Đà Nẵng